Datum a čas kvízu

28 Celkem bodů Celkový počet nahraných bodů na tomto kvízu bez doplňovacích otázek.
10. Pořadí na kvízu Konečné umístění týmu na tomto kvízu.

Zaznamenané odpovědi

# Otázka Odpověď Body Výsledky
1. Starosta jedné městské části T... v Brně 1
2. Ve čtvrtek jsme se dozvěděli,... Katy Perry 1
3. V depozitáři muzea ve slovensk... Donatello 1
4. Jak se nazývá nová platforma,... Oneplay 1
5. Ve středu odstartoval v norské... klasické (severské) lyžování 1
6. Jak zní oficiální anglický náz... Montenegro 1
7. V jistém městě v Královéhradec... Červený Kostelec 1
8. Která známá historická osobnos... Adolf Hitler 1
9. Jak se jmenuje prales na hrani... Bělověžský prales 0
10. Jak se nazývá německé pohoří,... Černý les (Schwarzwald) 1